Ładuje się......

UNNAYIWARRIER

Opis bibliograficzny
1. autor: RAMAN,Menon.T.K
Format: Printed Book
Wydane: KOTTAYAM NATIONAL BOOK DEPOT 1955
Hasła przedmiotowe:
LEADER 00447nam a2200169 4500
020
082 |a 920 RAM 
100 |a RAMAN,Menon.T.K. 
245 |a UNNAYIWARRIER  |h MALAYALAM 
250
260 |a KOTTAYAM  |b NATIONAL BOOK DEPOT  |c 1955 
300 |a 158 p  |f HB 
650 |a UNNAYIWARRIER 
700
942 |c TB 
999 |c 152651  |d 152651 
952 |0 0  |1 0  |4 0  |6 920_000000000000000_RAM  |7 0  |9 166108  |a ORI  |b ORI  |l 0  |o 920 RAM  |p ORI818  |r 2019-10-25  |w 2019-10-25  |y TB